| 000 | 00000nas 2200000za 4500 |
| 001 | 9.864556 |
| 003 | CaOODSP |
| 005 | 20221107161555 |
| 007 | cr ||||||||||| |
| 008 | 181113d19601980oncar p oss f000#b0eng| |
| 022 | |y0527-4915 |
| 040 | |aCaOODSP|beng |
| 041 | |aeng|afre |
| 043 | |an-cn--- |
| 086 | 1 |aCS35-210-PDF |
| 130 | 0 |aCoffin and casket industry (Final) |
| 245 | 00|aCoffin and casket industry |h[electronic resource] = |bL'industrie des cercueils. |
| 246 | 11|aIndustrie des cercueils |
| 260 | |a[Ottawa] : |bDominion Bureau of Statistics, Industry and Merchandising Division = Bureau fédéral de la statistique, Division de l'industrie et du commerce, |c1962-1982. |
| 300 | |a21 v. |
| 310 | |aAnnual |
| 362 | 0 |a1960-1980. |
| 490 | 0 |aAnnual census of manufactures = Recensement annuel des manufactures |
| 500 | |aDigitized edition from print [produced by Statistics Canada] |
| 546 | |aText in English and in French. |
| 550 | |aIssued 1961-1964 by Industry Division; 1965-1969, by Manufacturing and Primary Industries Division; 1970-1978, by Statistics Canada, Manufacturing and Primary Industries Division; 1979-1980, by Machinery, Wood and Metal Products Section. |
| 580 | |aContinues in part: Miscellaneous wood-using industries. |
| 580 | |aAbsorbed by: Miscellaneous wood industries. |
| 692 | 07|2gccst|aWoodworking industry |
| 710 | 1 |aCanada. |bDominion Bureau of Statistics. |bIndustry and Merchandising Division. |
| 710 | 1 |aCanada. |bDominion Bureau of Statistics. |bIndustry Division. |
| 710 | 1 |aCanada. |bDominion Bureau of Statistics. |bManufacturing and Primary Industries Division. |
| 710 | 1 |aCanada. |bStatistics Canada. |bMachinery, Wood and Metal Products Section. |
| 710 | 1 |aCanada. |bStatistics Canada. |bManufacturing and Primary Industries Division. |
| 780 | 00|tThe miscellaneous wood-using industries |w(CaOODSP)9.864509 |
| 785 | 00|tMiscellaneous wood industries |w(CaOODSP)9.864496 |
| 792 | |tCoffin and casket industry |efre|w(CaOODSP)9.864559 |